[Event "2. Abierto Hotel Cemar 2015"]
[Site "Mondariz ESP"]
[Date "2015.08.19"]
[Round "5.10"]
[White "Lesteiro Lores, Manuel Raul"]
[Black "Belsley, Alexandre"]
[Result "1/2-1/2"]
[WhiteElo "1940"]
[BlackElo "2026"]
[PlyCount "61"]
[EventDate "2015.08.16"]
[EventType "swiss"]
[EventRounds "9"]
[EventCountry "ESP"]
[Source "lmi"]
[SourceDate "2015.08.16"]

1. d4 Nf6 2. Nf3 e6 3. c4 b6 4. a3 Ba6 5. b3 d5 6. Nbd2 Be7 7. Bb2 O-O 8. g3
Nbd7 9. Bg2 c5 10. O-O Rc8 11. Rc1 Bd6 12. Re1 Qe7 13. dxc5 Nxc5 14. b4 Nce4
15. cxd5 Rxc1 16. Qxc1 exd5 17. Nb3 Ng4 18. Nbd4 Qd7 19. Rf1 Ne5 20. Nxe5 Bxe5
21. Re1 Re8 22. Nf3 Bb8 23. Qa1 f6 24. e3 Qf5 25. Bd4 Bc4 26. Qb2 Rc8 27. Nh4
Qe6 28. Rc1 Bd6 29. Nf3 Qf5 30. Nh4 Qe6 31. Nf3 1/2-1/2

[Event "2. Abierto Hotel Cemar 2015"]
[Site "Mondariz ESP"]
[Date "2015.08.19"]
[Round "5.11"]
[White "Dominguez Fernandez, Angel I"]
[Black "Maquieira Vidal, Alvaro"]
[Result "1/2-1/2"]
[WhiteElo "1992"]
[BlackElo "1832"]
[PlyCount "87"]
[EventDate "2015.08.16"]
[EventType "swiss"]
[EventRounds "9"]
[EventCountry "ESP"]
[Source "lmi"]
[SourceDate "2015.08.16"]

1. d4 Nf6 2. Nc3 d5 3. Bf4 c6 4. f3 Bf5 5. g4 Bg6 6. h4 h6 7. Qd2 e6 8. e3 Bd6
9. Nge2 Bxf4 10. Nxf4 Nbd7 11. Nxg6 fxg6 12. Bd3 Nf8 13. Ne2 Qc7 14. Nf4 O-O-O
15. Bxg6 e5 16. dxe5 Qxe5 17. O-O-O Kb8 18. Rhe1 Ne6 19. Nxe6 Qxe6 20. Bf5 Qf7
21. h5 Qc7 22. Qf2 Rhf8 23. Rg1 Nxh5 24. Qh4 Nf6 25. g5 hxg5 26. Qxg5 Qe5 27.
Bd3 Nd7 28. Rdf1 Qxg5 29. Rxg5 Rf7 30. f4 Nf6 31. Rfg1 Rdd7 32. Re5 Rfe7 33.
Rxe7 Rxe7 34. Kd2 Kc7 35. a4 a5 36. b3 Kd6 37. Bf5 Kc5 38. Kd3 b6 39. Rc1 b5
40. Ra1 b4 41. Rh1 Re8 42. Rg1 Re7 43. Rg5 Kd6 44. Rg1 1/2-1/2

[Event "2. Abierto Hotel Cemar 2015"]
[Site "Mondariz ESP"]
[Date "2015.08.19"]
[Round "5.12"]
[White "Perez Romero, Alfredo"]
[Black "Carraminana Lopez, Luis Antonio"]
[Result "1/2-1/2"]
[WhiteElo "1806"]
[BlackElo "1970"]
[PlyCount "94"]
[EventDate "2015.08.16"]
[EventType "swiss"]
[EventRounds "9"]
[EventCountry "ESP"]
[Source "lmi"]
[SourceDate "2015.08.16"]

1. e4 c5 2. f4 d5 3. exd5 Nf6 4. Nc3 Nxd5 5. Bb5+ Nc6 6. Nxd5 Qxd5 7. Qf3 Be6
8. Bxc6+ bxc6 9. d3 g6 10. Qxd5 cxd5 11. Nf3 Bg7 12. O-O Rb8 13. Rb1 O-O 14. b3
c4 15. dxc4 dxc4 16. Ba3 cxb3 17. cxb3 Rfe8 18. Rbe1 Bf6 19. Bc5 a5 20. Rf2
Red8 21. Rfe2 Rb5 22. Ba3 Rd4 23. Nxd4 Bxd4+ 24. Kh1 Bf6 25. Bc1 Bh4 26. g3
Bd5+ 27. Kg1 Bf6 28. Bb2 Bxb2 29. Rxb2 e6 30. Rc2 Rb4 31. Re3 a4 32. bxa4 Rxa4
33. a3 Kg7 34. Kf2 Kf6 35. Rb2 Rc4 36. Rd3 Rc1 37. Rbd2 Bc4 38. Rd7 Ra1 39. Ra7
Bd5 40. a4 h6 41. a5 g5 42. fxg5+ hxg5 43. Ke3 Ra4 44. Rf2+ Ke5 45. Rfxf7 Ra3+
46. Kf2 Ra2+ 47. Ke3 Ra3+ 1/2-1/2

[Event "2. Abierto Hotel Cemar 2015"]
[Site "Mondariz ESP"]
[Date "2015.08.19"]
[Round "5.13"]
[White "Torcal Miguel, Oscar"]
[Black "Meira Iglesias, Alejandro"]
[Result "*"]
[WhiteElo "1969"]
[BlackElo "1773"]
[PlyCount "117"]
[EventDate "2015.08.16"]
[EventType "swiss"]
[EventRounds "9"]
[EventCountry "ESP"]
[Source "lmi"]
[SourceDate "2015.08.16"]

1. e4 d6 2. d4 Nf6 3. Nd2 c6 4. Ngf3 Bg4 5. Bd3 e6 6. h3 Bh5 7. O-O Be7 8. Re1
d5 9. c3 a6 10. a4 Bg6 11. Qe2 O-O 12. Ne5 Bxe4 13. Nxe4 dxe4 14. Bxe4 Nxe4 15.
Qxe4 Qd5 16. Qe2 Nd7 17. Nf3 Nf6 18. a5 Qh5 19. Bd2 Bd8 20. c4 Bc7 21. Bc3 Rfe8
22. Qc2 Qg6 23. Qb3 Rab8 24. Ne5 Qg5 25. Re3 Nh5 26. Rae1 Qd8 27. Qd1 Nf6 28.
Qd2 Qd6 29. Bb4 Qd8 30. Bc3 Nd7 31. Nd3 Qg5 32. Qe2 Nf8 33. Nc5 Qf4 34. g3 Qh6
35. Kg2 Ng6 36. d5 cxd5 37. cxd5 e5 38. f4 Red8 39. fxe5 Rxd5 40. Qc4 Ne7 41.
e6 f6 42. Nd7 Rc8 43. Qg4 Rg5 44. Qe4 Nd5 45. e7 Nf4+ 46. Kf2 Nxh3+ 47. Ke2 Re8
48. Qc4+ Kh8 49. Qxc7 Qg6 50. Rd3 Nf2 51. Re3 Ne4 52. Nf8 Qh5+ 53. Kd3 Rc5 54.
Qf4 Qd5+ 55. Kc2 Nxc3 56. Rxc3 Rxc3+ 57. bxc3 Qxa5 58. Qe4 Rc8 59. Qxh7# *

[Event "2. Abierto Hotel Cemar 2015"]
[Site "Mondariz ESP"]
[Date "2015.08.19"]
[Round "5.14"]
[White "De Sousa Da Silva, Armando"]
[Black "Gomez Fernandez, Pedro Javier"]
[Result "1-0"]
[WhiteElo "1958"]
[BlackElo "1540"]
[PlyCount "49"]
[EventDate "2015.08.16"]
[EventType "swiss"]
[EventRounds "9"]
[EventCountry "ESP"]
[Source "lmi"]
[SourceDate "2015.08.16"]

1. Nf3 d5 2. d4 Nf6 3. c4 e6 4. cxd5 exd5 5. Bg5 Be7 6. Nc3 O-O 7. Qc2 c6 8. e3
Bg4 9. Ne5 Bh5 10. Bd3 Bg6 11. Nxg6 hxg6 12. O-O Nbd7 13. a3 Qc7 14. Bf4 Qb6
15. Na4 Qd8 16. h3 Nb6 17. Nc5 Qc8 18. b4 Rd8 19. Rfc1 Ne8 20. a4 Bd6 21. Bg5
f6 22. Bh4 g5 23. Bf5 Qb8 24. Be6+ Kh8 25. Qg6 1-0

[Event "2. Abierto Hotel Cemar 2015"]
[Site "Mondariz ESP"]
[Date "2015.08.19"]
[Round "5.15"]
[White "Salgado Gonzalez, Julio"]
[Black "Campos Calvo-sotelo, Juan"]
[Result "1/2-1/2"]
[WhiteElo "1801"]
[BlackElo "1956"]
[PlyCount "75"]
[EventDate "2015.08.16"]
[EventType "swiss"]
[EventRounds "9"]
[EventCountry "ESP"]
[Source "lmi"]
[SourceDate "2015.08.16"]

1. d4 b5 2. Bf4 Nf6 3. e3 Bb7 4. Nf3 a6 5. Nbd2 e6 6. Bd3 c5 7. c3 cxd4 8. exd4
Nc6 9. O-O Be7 10. Re1 Nd5 11. Bg3 f5 12. h3 O-O 13. Rc1 Rf6 14. c4 bxc4 15.
Nxc4 g5 16. Nd6 Bxd6 17. Bxd6 Nf4 18. Bb1 Rg6 19. d5 Nxd5 20. Bxf5 Rg7 21. Bg4
Nf6 22. Ne5 Nxg4 23. Qxg4 Rc8 24. Rc3 Nxe5 25. Bxe5 Rxc3 26. Bxc3 Rg6 27. Qa4
Kf7 28. Rd1 Bd5 29. b3 h5 30. Re1 g4 31. Qf4+ Kg8 32. Qe5 Qg5 33. Qh8+ Kf7 34.
h4 Qf5 35. Qh7+ Ke8 36. Qh8+ Kf7 37. Qh7+ Ke8 38. Qh8+ 1/2-1/2

[Event "2. Abierto Hotel Cemar 2015"]
[Site "Mondariz ESP"]
[Date "2015.08.19"]
[Round "5.17"]
[White "Fernandez Lopez, Ruben"]
[Black "Ferreiro Diaz, Miguel"]
[Result "0-1"]
[WhiteElo "1795"]
[BlackElo "1877"]
[PlyCount "104"]
[EventDate "2015.08.16"]
[EventType "swiss"]
[EventRounds "9"]
[EventCountry "ESP"]
[Source "lmi"]
[SourceDate "2015.08.16"]

1. e4 c6 2. Nc3 g6 3. d4 Bg7 4. f4 d5 5. e5 h5 6. Nf3 Nh6 7. Bd3 Bf5 8. Bxf5
Nxf5 9. Qd3 Na6 10. a3 Nc7 11. Be3 Ne6 12. Ng5 Nxg5 13. fxg5 Bxe5 14. dxe5 d4
15. Bd2 dxc3 16. Qxc3 e6 17. O-O-O Qc7 18. Be3 O-O 19. Bc5 Rfd8 20. Bd6 Qb6 21.
Kb1 Rac8 22. h4 Qf2 23. g4 Ng3 24. Rh3 Ne4 25. Qd3 hxg4 26. Re3 Nxd6 27. exd6
Rxd6 28. Qxd6 Qxe3 29. Qe7 Qf3 30. Qd7 Rf8 31. h5 gxh5 32. Rd3 Qf1+ 33. Rd1 Qf5
34. Qd2 g3 35. Qe2 Qxg5 36. Rh1 h4 37. Qg2 Rd8 38. Re1 Rd2 39. Qe4 g2 40. Ka2
Qd5+ 41. Qxd5 cxd5 42. c4 dxc4 43. a4 h3 44. a5 h2 45. a6 bxa6 46. Ka3 g1=Q 47.
Rxg1+ hxg1=Q 48. Kb4 Qb6+ 49. Kxc4 Qc6+ 50. Kb3 Qc2+ 51. Ka3 Qxb2+ 52. Ka4 Rd4+
0-1

[Event "2. Abierto Hotel Cemar 2015"]
[Site "Mondariz ESP"]
[Date "2015.08.19"]
[Round "5.18"]
[White "Buitron Ramil, David"]
[Black "Picazo Gonzalez, Ana"]
[Result "1-0"]
[WhiteElo "1641"]
[BlackElo "1851"]
[PlyCount "110"]
[EventDate "2015.08.16"]
[EventType "swiss"]
[EventRounds "9"]
[EventCountry "ESP"]
[Source "lmi"]
[SourceDate "2015.08.16"]

1. e4 e6 2. d4 d5 3. Nc3 Nf6 4. Bg5 Be7 5. e5 Nfd7 6. h4 Nc6 7. Qg4 f6 8. exf6
Nxf6 9. Qd1 O-O 10. Nf3 a6 11. Bd3 Nb4 12. Bxf6 Nxd3+ 13. Qxd3 Rxf6 14. O-O-O
Qe8 15. Rde1 c6 16. h5 Bd6 17. Kb1 h6 18. Nd1 Bd7 19. Ne3 Rf4 20. Nh4 Qf7 21.
g3 Re4 22. f3 Rxh4 23. gxh4 Qxh5 24. Reg1 e5 25. Qg6 Qxg6 26. Rxg6 Bf8 27. dxe5
Re8 28. f4 d4 29. Nc4 Bf5 30. Rg3 Rd8 31. Kc1 b5 32. Nd6 Bxd6 33. exd6 Rxd6 34.
Rhg1 Rd7 35. a4 Kf8 36. axb5 axb5 37. b3 h5 38. Rg5 g6 39. Re1 Kf7 40. Rg2 d3
41. Rd2 dxc2 42. Rxd7+ Bxd7 43. Kxc2 Bg4 44. b4 Kf6 45. Re5 Bf3 46. Kc3 Bg2 47.
Kd4 Bf3 48. Kc5 Bg2 49. Kd6 Bd5 50. Rg5 Bf3 51. Rc5 Bg2 52. Rxc6 Kf5 53. Rc5+
Kxf4 54. Rxb5 Kg4 55. Rg5+ Kh3 1-0

[Event "2. Abierto Hotel Cemar 2015"]
[Site "Mondariz ESP"]
[Date "2015.08.19"]
[Round "5.20"]
[White "Rebollo Montes, Bernardo"]
[Black "Bello Filgueira, Joaquin Antonio"]
[Result "1-0"]
[WhiteElo "1785"]
[BlackElo "1831"]
[PlyCount "95"]
[EventDate "2015.08.16"]
[EventType "swiss"]
[EventRounds "9"]
[EventCountry "ESP"]
[Source "lmi"]
[SourceDate "2015.08.16"]

1. d4 Nf6 2. c4 e6 3. Nc3 Bb4 4. Qc2 O-O 5. a3 Be7 6. Bg5 d5 7. Nf3 b6 8. cxd5
exd5 9. e3 Bb7 10. Be2 h6 11. Bh4 Ne4 12. Bxe7 Qxe7 13. Rc1 c5 14. dxc5 Nxc5
15. O-O Nbd7 16. Rfd1 Nf6 17. Nd4 Qe5 18. b4 Nce4 19. Nxe4 dxe4 20. Qc7 Qxc7
21. Rxc7 Rab8 22. Nf5 Bc8 23. Ne7+ Kh8 24. Nc6 Rb7 25. Rxb7 Bxb7 26. Nxa7 Ra8
27. Nb5 Bc6 28. Nd4 Bd5 29. Ra1 Rc8 30. a4 g6 31. a5 bxa5 32. bxa5 Nd7 33. h3
Ne5 34. a6 Nd3 35. f3 f5 36. fxe4 fxe4 37. a7 Rc1+ 38. Rxc1 Nxc1 39. Bc4 Bb7
40. Nb5 Nd3 41. Nc7 Nb4 42. a8=Q+ Bxa8 43. Nxa8 Kg7 44. Nc7 Kf6 45. Nd5+ Nxd5
46. Bxd5 Ke5 47. Bb7 g5 48. Kf2 1-0

[Event "2. Abierto Hotel Cemar 2015"]
[Site "Mondariz ESP"]
[Date "2015.08.19"]
[Round "5.21"]
[White "Garcia Bugallo, Jose Luis"]
[Black "Garcia Lafuente, Luis Mario"]
[Result "1-0"]
[WhiteElo "1815"]
[BlackElo "1492"]
[PlyCount "33"]
[EventDate "2015.08.16"]
[EventType "swiss"]
[EventRounds "9"]
[EventCountry "ESP"]
[Source "lmi"]
[SourceDate "2015.08.16"]

1. e4 c6 2. Nc3 d5 3. Qf3 dxe4 4. Nxe4 Nd7 5. Qe3 e6 6. Bc4 Nb6 7. Bb3 Nd5 8.
Qf3 Ngf6 9. d3 Bb4+ 10. c3 Nxe4 11. dxe4 Nxc3 12. bxc3 Be7 13. Ne2 Qa5 14. O-O
O-O 15. Bf4 Bd7 16. Rad1 Rad8 17. Qg3 1-0

[Event "2. Abierto Hotel Cemar 2015"]
[Site "Mondariz ESP"]
[Date "2015.08.19"]
[Round "5.22"]
[White "Del Prado Rodriguez, Xulio"]
[Black "Dominguez Certal, Dario"]
[Result "0-1"]
[WhiteElo "1153"]
[BlackElo "1468"]
[PlyCount "48"]
[EventDate "2015.08.16"]
[EventType "swiss"]
[EventRounds "9"]
[EventCountry "ESP"]
[Source "lmi"]
[SourceDate "2015.08.16"]

1. c4 Nf6 2. Nc3 e5 3. g3 Nc6 4. Bg2 d6 5. Nf3 Be6 6. d3 Be7 7. O-O O-O 8. Bg5
h6 9. Bxf6 Bxf6 10. Rc1 Qd7 11. a3 Be7 12. Re1 f5 13. b4 Rab8 14. Qc2 f4 15.
Nd5 Bd8 16. Nc3 fxg3 17. fxg3 Ne7 18. Rf1 Nf5 19. Qd2 c6 20. e4 Bb6+ 21. Kh1
Ne3 22. Rfe1 Nxg2 23. Kxg2 Bh3+ 24. Kh1 Rxf3 0-1

[Event "2. Abierto Hotel Cemar 2015"]
[Site "Mondariz ESP"]
[Date "2015.08.20"]
[Round "6.1"]
[White "Gomez Garrido, Camilo Ernesto"]
[Black "Oratovsky, Michael"]
[Result "1/2-1/2"]
[WhiteElo "2519"]
[BlackElo "2495"]
[PlyCount "61"]
[EventDate "2015.08.16"]
[EventType "swiss"]
[EventRounds "9"]
[EventCountry "ESP"]
[Source "lmi"]
[SourceDate "2015.08.16"]

1. e4 c5 2. Nf3 d6 3. Bb5+ Bd7 4. Bxd7+ Qxd7 5. c4 Nc6 6. Nc3 g6 7. d4 cxd4 8.
Nxd4 Bg7 9. Be3 Nf6 10. f3 O-O 11. O-O e6 12. Rc1 Rfd8 13. Qd2 d5 14. exd5 exd5
15. cxd5 Nxd4 16. Qxd4 Nxd5 17. Qxd5 Qxd5 18. Nxd5 Rxd5 19. Rfd1 Rxd1+ 20. Rxd1
Bxb2 21. Rb1 Be5 22. Rxb7 a6 23. Ra7 Rxa7 24. Bxa7 f5 25. h3 Kf7 26. Kf2 Ke6
27. Ke3 Kd5 28. Kd3 Bd6 29. Bd4 Bc7 30. Be3 Be5 31. Bf2 1/2-1/2

[Event "2. Abierto Hotel Cemar 2015"]
[Site "Mondariz ESP"]
[Date "2015.08.20"]
[Round "6.2"]
[White "Campora, Daniel H"]
[Black "De Prado Rodriguez, Oscar Bruno"]
[Result "1-0"]
[WhiteElo "2453"]
[BlackElo "2237"]
[PlyCount "81"]
[EventDate "2015.08.16"]
[EventType "swiss"]
[EventRounds "9"]
[EventCountry "ESP"]
[Source "lmi"]
[SourceDate "2015.08.16"]

1. e4 d5 2. exd5 Qxd5 3. Nc3 Qd6 4. Nf3 Nf6 5. Be2 g6 6. d4 Bg7 7. Nb5 Qb6 8.
O-O O-O 9. c4 c6 10. Nc3 Rd8 11. h3 Bf5 12. g4 Bc8 13. a3 a5 14. Bf4 Na6 15.
Qc2 h5 16. c5 Qa7 17. Bc4 e6 18. g5 Nd5 19. Bg3 b5 20. Bd3 Ne7 21. Ne4 Nf5 22.
Nf6+ Bxf6 23. gxf6 Nxd4 24. Nxd4 Rxd4 25. Bxg6 Qxc5 26. Bxf7+ Kxf7 27. Qh7+
Kxf6 28. Rae1 Rd5 29. Bh4+ Rg5+ 30. Kh2 Qf5 31. Qh6+ Kf7 32. Bxg5 Qg6 33. Rg1
Bd7 34. Qxg6+ Kxg6 35. Rd1 Be8 36. Bd8+ Kf7 37. Rd3 e5 38. Rd6 Rxd8 39. Rxd8
Nc7 40. Re1 Kf6 41. Rc8 1-0

[Event "2. Abierto Hotel Cemar 2015"]
[Site "Mondariz ESP"]
[Date "2015.08.20"]
[Round "6.3"]
[White "Ramiro Ovejero, Juan Luis"]
[Black "Panelo, Marcelo"]
[Result "1-0"]
[WhiteElo "2343"]
[BlackElo "2418"]
[PlyCount "104"]
[EventDate "2015.08.16"]
[EventType "swiss"]
[EventRounds "9"]
[EventCountry "ESP"]
[Source "lmi"]
[SourceDate "2015.08.16"]

1. e4 c5 2. Nf3 d6 3. Bb5+ Nc6 4. Bxc6+ bxc6 5. O-O Bg4 6. d3 Nf6 7. Nbd2 e5 8.
Re1 Be7 9. h3 Bh5 10. Nf1 Nd7 11. Ng3 Bg6 12. c3 O-O 13. d4 exd4 14. cxd4 Rb8
15. b3 Bf6 16. Bf4 Be7 17. Rc1 Rb6 18. Be3 cxd4 19. Nxd4 c5 20. Ndf5 Re8 21.
Bf4 Nf8 22. e5 d5 23. Nxe7+ Rxe7 24. Rxc5 d4 25. Bg5 f6 26. exf6 Rxe1+ 27. Qxe1
gxf6 28. Bd2 Ne6 29. Ra5 a6 30. h4 Qd7 31. h5 Bd3 32. Qd1 Qc6 33. Bh6 Bc2 34.
Qg4+ Kf7 35. Nf5 Qe4 36. Qxe4 Bxe4 37. f3 Bb7 38. Kf2 Ke8 39. Ke2 Kd7 40. Kd3
Rc6 41. Bd2 Nc5+ 42. Kxd4 Ne6+ 43. Ke3 Rc2 44. Kd3 Rb2 45. Kc3 Rb1 46. Ra4 Rh1
47. h6 Rh5 48. Ng7 Rc5+ 49. Rc4 Re5 50. Nxe6 Kxe6 51. Rc7 Bd5 52. a4 Kd6 1-0

[Event "2. Abierto Hotel Cemar 2015"]
[Site "Mondariz ESP"]
[Date "2015.08.20"]
[Round "6.4"]
[White "Rodriguez Lopez, Rafael"]
[Black "Espiñeira Gonzalez, Diego"]
[Result "1/2-1/2"]
[WhiteElo "2255"]
[BlackElo "2380"]
[PlyCount "62"]
[EventDate "2015.08.16"]
[EventType "swiss"]
[EventRounds "9"]
[EventCountry "ESP"]
[Source "lmi"]
[SourceDate "2015.08.16"]

1. e4 e6 2. d4 d5 3. Nc3 h6 4. Be3 Nf6 5. e5 Nfd7 6. f4 c5 7. Nf3 Nc6 8. Qd2 a6
9. Nd1 cxd4 10. Nxd4 Qc7 11. c3 Nc5 12. Nf2 Bd7 13. Be2 Be7 14. O-O O-O 15. Bd1
f6 16. exf6 Bxf6 17. Nxc6 Qxc6 18. Bc2 e5 19. Rad1 Be6 20. fxe5 Bxe5 21. Kh1
Ne4 22. Nxe4 dxe4 23. Bf4 Bc4 24. Rf2 Qb6 25. Qe3 Qxe3 26. Bxe3 Rxf2 27. Bxf2
Rf8 28. Bc5 Re8 29. Bxe4 Bxc3 30. Bg6 Re1+ 31. Rxe1 Bxe1 1/2-1/2

[Event "2. Abierto Hotel Cemar 2015"]
[Site "Mondariz ESP"]
[Date "2015.08.20"]
[Round "6.5"]
[White "Lorenzo Duran, Marcos"]
[Black "Del Rey, Diego"]
[Result "0-1"]
[WhiteElo "2160"]
[BlackElo "2394"]
[PlyCount "78"]
[EventDate "2015.08.16"]
[EventType "swiss"]
[EventRounds "9"]
[EventCountry "ESP"]
[Source "lmi"]
[SourceDate "2015.08.16"]

1. d4 d5 2. c4 c6 3. Nc3 Nf6 4. cxd5 cxd5 5. Bf4 Nc6 6. e3 Bg4 7. Qb3 Na5 8.
Qa4+ Bd7 9. Bb5 Nc6 10. Nf3 e6 11. Bg5 a6 12. Bxc6 Bxc6 13. Qc2 h6 14. Bh4 Bb4
15. O-O Qa5 16. Bxf6 gxf6 17. a3 Bd6 18. b4 Qd8 19. e4 dxe4 20. Nxe4 Be7 21.
Rad1 Qd5 22. Rfe1 Rg8 23. Ng3 Rg6 24. Re3 O-O-O 25. Rb1 Kb8 26. a4 Rc8 27. Rc3
Rgg8 28. b5 axb5 29. axb5 Bxb5 30. Qh7 Rxc3 31. Qxg8+ Rc8 32. Qxf7 Qb3 33. Re1
Bb4 34. Qxf6 Bxe1 35. Qe5+ Ka8 36. Qxe1 Qa3 37. Ne2 Rc2 38. Nd2 Bxe2 39. Qxe2
Qc1+ 0-1

[Event "2. Abierto Hotel Cemar 2015"]
[Site "Mondariz ESP"]
[Date "2015.08.20"]
[Round "6.6"]
[White "Sande Edreira, Jose Antonio"]
[Black "Asensio Liñan, Teodoro"]
[Result "1-0"]
[WhiteElo "2244"]
[BlackElo "2156"]
[PlyCount "41"]
[EventDate "2015.08.16"]
[EventType "swiss"]
[EventRounds "9"]
[EventCountry "ESP"]
[Source "lmi"]
[SourceDate "2015.08.16"]

1. c4 Nf6 2. g3 g6 3. Bg2 Bg7 4. Nc3 O-O 5. e4 d6 6. Nge2 c5 7. O-O Nc6 8. d3
a6 9. h3 Rb8 10. a4 Bd7 11. f4 Qc8 12. g4 h6 13. Qe1 Ne8 14. f5 g5 15. h4 Ne5
16. hxg5 Nxd3 17. Qh4 Nxc1 18. Raxc1 hxg5 19. Qxg5 e6 20. f6 Nxf6 21. Rxf6 1-0

[Event "2. Abierto Hotel Cemar 2015"]
[Site "Mondariz ESP"]
[Date "2015.08.20"]
[Round "6.7"]
[White "Belsley, Alexandre"]
[Black "Tallarico Tallarico, Ovidio Mario"]
[Result "1-0"]
[WhiteElo "2026"]
[BlackElo "2114"]
[PlyCount "99"]
[EventDate "2015.08.16"]
[EventType "swiss"]
[EventRounds "9"]
[EventCountry "ESP"]
[Source "lmi"]
[SourceDate "2015.08.16"]

1. d4 Nf6 2. c4 e6 3. Nc3 Bb4 4. e3 b6 5. Nge2 Ne4 6. Qc2 Bb7 7. a3 Bxc3+ 8.
Nxc3 f5 9. b3 d5 10. Bb2 O-O 11. Ne2 Qe7 12. f3 Nf6 13. Nf4 Nbd7 14. Be2 c5 15.
O-O Qd6 16. dxc5 Qxc5 17. Qd2 Qe7 18. Rfd1 Rfd8 19. b4 Rac8 20. Rac1 Nf8 21.
cxd5 Nxd5 22. Rxc8 Rxc8 23. Nxd5 Bxd5 24. Rc1 Rxc1+ 25. Qxc1 Qb7 26. Qc3 Ng6
27. Ba6 Qe7 28. Qc8+ Kf7 29. Bb5 Nf8 30. Be5 a5 31. bxa5 bxa5 32. Qc7 Ng6 33.
Bd6 Qxc7 34. Bxc7 Ne7 35. Bxa5 Nc6 36. Bc3 g6 37. Kf2 e5 38. Ke2 Ke6 39. Kd3
Kd6 40. e4 fxe4+ 41. fxe4 Be6 42. Bb4+ Kc7 43. Bc5 Bd7 44. Bc4 Bc8 45. Bg8 h5
46. Kc4 g5 47. Kd5 Bg4 48. Bd6+ Kb6 49. Be6 Nd4 50. Bc5+ 1-0

[Event "2. Abierto Hotel Cemar 2015"]
[Site "Mondariz ESP"]
[Date "2015.08.20"]
[Round "6.8"]
[White "Ferreiro Diaz, Miguel"]
[Black "Laliena Solanes, Luis"]
[Result "0-1"]
[WhiteElo "1877"]
[BlackElo "2207"]
[PlyCount "72"]
[EventDate "2015.08.16"]
[EventType "swiss"]
[EventRounds "9"]
[EventCountry "ESP"]
[Source "lmi"]
[SourceDate "2015.08.16"]

1. e4 c6 2. d4 d5 3. f3 Qb6 4. Nc3 e5 5. dxe5 Bc5 6. Na4 Qa5+ 7. c3 Bxg1 8.
Rxg1 dxe4 9. Qd4 Ne7 10. Nc5 O-O 11. Bg5 Nf5 12. Qf2 Re8 13. O-O-O e3 14. Bxe3
Nxe3 15. Qxe3 Qxa2 16. Qf4 b5 17. Bd3 Na6 18. Bb1 Qa5 19. Ne4 b4 20. Nd6 Rf8
21. Qh4 g6 22. cxb4 Qxb4 23. Rd4 Qc5+ 24. Kd1 Be6 25. Re1 Bb3+ 26. Ke2 Nc7 27.
Kf1 Nb5 28. Nf5 Nxd4 29. Nxd4 Bc4+ 30. Kg1 Rad8 31. Re4 Bd5 32. Re1 Be6 33. Rd1
Qxe5 34. f4 Qe3+ 35. Qf2 Qxf2+ 36. Kxf2 c5 0-1

[Event "2. Abierto Hotel Cemar 2015"]
[Site "Mondariz ESP"]
[Date "2015.08.20"]
[Round "6.9"]
[White "Garcia Sobrino, David"]
[Black "Lesteiro Lores, Manuel Raul"]
[Result "1-0"]
[WhiteElo "2026"]
[BlackElo "1940"]
[PlyCount "71"]
[EventDate "2015.08.16"]
[EventType "swiss"]
[EventRounds "9"]
[EventCountry "ESP"]
[Source "lmi"]
[SourceDate "2015.08.16"]

1. e4 c5 2. Nc3 e6 3. Nf3 d5 4. exd5 exd5 5. d4 c4 6. Be2 Bb4 7. O-O Ne7 8. Bf4
Bxc3 9. bxc3 O-O 10. Rb1 Nd7 11. Ne5 Nb6 12. Qc1 f6 13. Nf3 Re8 14. Re1 Ng6 15.
Bg3 Bf5 16. Nd2 Qd7 17. Nf1 Na4 18. Qd2 b5 19. Ne3 Be6 20. h4 a6 21. Bf3 Ne7
22. Re2 Nf5 23. Nxf5 Bxf5 24. Rbe1 Kf7 25. Bh5+ g6 26. Bf3 Rxe2 27. Rxe2 Re8
28. Qh6 Rxe2 29. Qxh7+ Ke6 30. Qg8+ Ke7 31. Bxe2 Nxc3 32. Bf3 Qe6 33. Qb8 Bxc2
34. Qb7+ Qd7 35. Qxa6 Be4 36. Qa3+ 1-0

[Event "2. Abierto Hotel Cemar 2015"]
[Site "Mondariz ESP"]
[Date "2015.08.20"]
[Round "6.10"]
[White "Rodriguez Dominguez, Miguel I"]
[Black "Galvez Perez, Jose Luis"]
[Result "0-1"]
[WhiteElo "2017"]
[BlackElo "1906"]
[PlyCount "86"]
[EventDate "2015.08.16"]
[EventType "swiss"]
[EventRounds "9"]
[EventCountry "ESP"]
[Source "lmi"]
[SourceDate "2015.08.16"]

1. d4 g6 2. Nf3 Bg7 3. g3 b5 4. Bg2 Bb7 5. O-O Nf6 6. Qd3 O-O 7. Qxb5 Ba6 8.
Qb4 Bxe2 9. Re1 Bxf3 10. Bxf3 d5 11. Nc3 e6 12. Bf4 Nbd7 13. Ne2 a5 14. Qd2 Nb6
15. a4 Nc4 16. Qc1 Rb8 17. b3 Nd6 18. Qd2 Rb4 19. Qd1 Nfe4 20. c3 Rb7 21. Qc2
f5 22. Reb1 g5 23. Bxd6 Qxd6 24. Bg2 c5 25. f3 Nf6 26. Qd2 h6 27. Qe3 Nd7 28.
f4 g4 29. Kf1 Rfb8 30. c4 Rb4 31. dxc5 Nxc5 32. cxd5 exd5 33. Ra2 d4 34. Qc1
Ne4 35. Rc2 d3 36. Rc8+ Kh7 37. Ng1 d2 38. Qc2 Qa6+ 39. Rc4 Rxc4 40. bxc4 Rxb1+
41. Qxb1 Qxc4+ 42. Ne2 Qxa4 43. Nc3 Bxc3 0-1

[Event "2. Abierto Hotel Cemar 2015"]
[Site "Mondariz ESP"]
[Date "2015.08.20"]
[Round "6.11"]
[White "Gonzalez Eiris, Daniel"]
[Black "Torcal Miguel, Oscar"]
[Result "0-1"]
[WhiteElo "1833"]
[BlackElo "1969"]
[PlyCount "70"]
[EventDate "2015.08.16"]
[EventType "swiss"]
[EventRounds "9"]
[EventCountry "ESP"]
[Source "lmi"]
[SourceDate "2015.08.16"]

1. d4 Nf6 2. Bf4 g6 3. Nc3 Bg7 4. e4 d6 5. Nf3 O-O 6. Qd2 Nbd7 7. O-O-O b6 8.
Bh6 Bb7 9. Bxg7 Kxg7 10. Qf4 Qe8 11. e5 Nd5 12. Nxd5 Bxd5 13. h4 h5 14. Rh3 f6
15. Rg3 dxe5 16. dxe5 Bxf3 17. Qxf3 Nxe5 18. Qxh5 Rh8 19. Qf5 Rxh4 20. f4 e6
21. Qe4 Ng4 22. Rgd3 Nf2 23. Rd7+ Kg8 24. Qe1 Nxd1 25. Bb5 Rh7 26. Rxh7 Qxb5
27. Qh4 Qxb2+ 28. Kxd1 Rd8+ 29. Ke1 Qc3+ 30. Kf2 Rd2+ 31. Kg1 f5 32. Qe7 Qe3+
33. Kh1 Rd1+ 34. Kh2 Qxf4+ 35. g3 Qf2+ 0-1

[Event "2. Abierto Hotel Cemar 2015"]
[Site "Mondariz ESP"]
[Date "2015.08.20"]
[Round "6.12"]
[White "Buitron Ramil, David"]
[Black "De Sousa Da Silva, Armando"]
[Result "1/2-1/2"]
[WhiteElo "1641"]
[BlackElo "1958"]
[PlyCount "162"]
[EventDate "2015.08.16"]
[EventType "swiss"]
[EventRounds "9"]
[EventCountry "ESP"]
[Source "lmi"]
[SourceDate "2015.08.16"]

1. e4 c5 2. Nf3 d6 3. d4 cxd4 4. Nxd4 Nf6 5. Nc3 a6 6. Bg5 e6 7. f4 Nbd7 8. Qf3
Qc7 9. g4 b5 10. Bxf6 Nxf6 11. g5 Nd7 12. Bd3 Qb6 13. Nb3 Bb7 14. h4 Be7 15.
O-O-O O-O-O 16. Qh3 b4 17. Ne2 d5 18. exd5 Bxd5 19. Rhf1 g6 20. Qg3 Bb7 21. Qg1
Qxg1 22. Rxg1 Nc5 23. Rg3 Nxd3+ 24. Rgxd3 Rxd3 25. Rxd3 h6 26. Kd2 hxg5 27.
hxg5 Rh2 28. c3 Bd5 29. Nbc1 Bd6 30. Ke1 Bc5 31. Nb3 Be7 32. Nbc1 Kc7 33. b3
bxc3 34. Rxc3+ Kb7 35. Rd3 Bb4+ 36. Kd1 a5 37. Rg3 Be4 38. Rg1 Kb6 39. Rg3 Kc6
40. Rg1 Kd5 41. Rg3 Rh1+ 42. Rg1 Rxg1+ 43. Nxg1 Bb1 44. Ke2 Ke4 45. Nh3 Ba3 46.
Kd2 Bb4+ 47. Ke2 Bd6 48. Kd2 Bxf4+ 49. Nxf4 Kxf4 50. a3 Kf3 51. b4 axb4 52.
axb4 e5 53. b5 e4 54. b6 e3+ 55. Ke1 Be4 56. Nb3 Kf4 57. Nc5 Bc6 58. b7 Bxb7
59. Nxb7 Kxg5 60. Ke2 Kf4 61. Nd6 f5 62. Nc4 Kg3 63. Nxe3 f4 64. Nd5 g5 65. Kf1
Kf3 66. Nf6 Ke3 67. Ng4+ Kf3 68. Nf6 Kg3 69. Ne4+ Kh4 70. Nxg5 Kxg5 71. Kg2 Kg4
72. Kf2 Kh4 73. Kf3 Kg5 74. Kf2 Kf6 75. Kf3 Kf5 76. Kf2 Ke4 77. Ke2 f3+ 78. Kf2
Kf4 79. Kf1 Ke3 80. Ke1 f2+ 81. Kf1 Kf3 1/2-1/2